00331nam a2200133Ia 4500008004100000020001500041041001200056082001600068100001200084245005000096260002900146300000800175650001400183221030s9999 xx 000 0 und d a8176483737 aEnglish a105.23bKha aF. Khan 0aInformation Society in Global Agecby F. Khan bAPH PubaNew Delhic2002 a385 aComputers